000 00626nam 2200181 4500
001 5951
090 _a5951
100 _a20190729k u||y0frey50 ba
101 _ager
200 _a§ [Paragraph] 218 Dokumentation einer Aktionswoche
_bBrochure
_fhrsg. von der 218 Gruppe des Frauenzentrums Frankfurt
210 _aFrankfurt
_cFrauenzentrum
_d[1969]
215 _a74 p.
_cill.
_d30 cm
606 _9429
_aFéminisme
606 _9145
_aAvortement
607 _91802
_aAllemagne : République Fédérale (RFA) : 1949-1990
608 _91853
_aRecueil de documents
711 _96781
_aFrauenzentrum Frankfurt
_b218 Gruppe
801 _aCH
_bCH-002049-8